000 01169nam a2200253Ia 4500
008 0000002011 sp ad 0000000000mul00
020 _a9788475069951
090 _aPUS00 G67r
100 1 _aGorchov, Ron
_d1930
245 1 0 _aRon Gorchov, donde se oculta el alma = where the soul hides
_c/ textos Phong Bui ...[et al.] ; fotografías Teresa Arozena ...[et. al.]
300 _a193 p.
_c/ 28 cm.
505 _aTEXTOS ESCRITOS POR: Phong Bui Dionisio Cañas Remo Guidieri Santiago Olmo Kevin Power Ray Smith Robert Storr Omar Pascual Castillo
600 0 0 _a GORCHOV, RON,. 1930/
_xTRABAJOS PICTORICOS
650 1 4 _a PINTURA ABSTRACTA ESTADOUNIDENSE
650 1 4 _xCATALOGOS
650 1 4 _aHISTORIA Y CRITICA
650 1 4 _aPINTORES ESTADOUNIDENSES
650 1 4 _aPINTORES ESTADOUNIDENSES BIOGRAFIAS
650 1 4 _aPINTURA ABSTRACTA ESTADOUNIDENSE
650 1 4 _aPINTURA ESTADOUNIDENSE
650 1 4 _aSIGLO XX
700 1 _aCañas, Dionisio \ Smith, Ray, 1959 \ Olmo, Santiago \ Bui, Phong \ Guideri, Remo \ \ Power, Kevin \ Storr, Robert \ Castillo, Omar Pascual
999 _c14056
_d14056
260 _aGran Canaria : Centro Atlántico de Arte Moderno
_c2011